|
|
|
|
| LEADER |
01027nam a22002652i 4500 |
| 001 |
001490561 |
| 003 |
CZ BrMZK |
| 005 |
20160201135220.0 |
| 007 |
ta |
| 008 |
151005s1843 au er|||||||||||ger d |
| 040 |
|
|
|a BOA001
|b cze
|e rda
|
| 100 |
0 |
|
|a Maimonides,
|d 1135-1204
|7 jn19981001803
|4 aut
|
| 245 |
1 |
4 |
|a Das diätetische Sendschreiben des Maimonides (Rambam) an den Sultan Saladin :
|b ein Beitrag zur Geschichte der Medicin für Aerzte und Freunde des classischen Alterthums /
|c Moses, Rabhi Mose ben Maimon, Abu Imram Musa ben Maimu Maimonides ; herausgegeben von D. Winternitz
|
| 264 |
|
1 |
|a Wien :
|b [nakladatel není známý],
|c 1843
|
| 264 |
|
3 |
|b C. Ueberreuter,
|
| 300 |
|
|
|a x, 64 stran ;
|c 8"
|
| 336 |
|
|
|a text
|b txt
|2 rdacontent
|
| 337 |
|
|
|a bez média
|b n
|2 rdamedia
|
| 338 |
|
|
|a svazek
|b nc
|2 rdacarrier
|
| 700 |
1 |
|
|a Winternitz, D.
|4 com
|
| 910 |
|
|
|a BOA001
|b 2-0251.376
|
| 990 |
|
|
|a BK
|
| 993 |
|
|
|a Y
|
| 991 |
|
|
|b 201509
|
| 996 |
6 |
|
|b 2618727420
|c 2-0251.376
|l MZK
|r Sklad / do 24 hodin
|n 0
|w 001525554
|u 000010
|a 1
|e BOA001
|j MZK50
|s P
|